| 000 | 02854cam a22004334i 4500 | ||
|---|---|---|---|
| 003 | PE-LiUPU | ||
| 005 | 20250731165417.0 | ||
| 008 | 151203s2007 pe grm 000 0 spa d | ||
| 035 | _a(Sirsi) a155404 | ||
| 040 |
_aPE-LiUPU _bspa _cPE-LiUPU _erda |
||
| 099 |
_aSP 3 _bS72 2007 |
||
| 100 | 1 |
_aSouza Galo, Elba Eunice _eautor |
|
| 245 | 1 |
_aEfectividad del programa para prevención de enfermedades diarreicas "Un día en la vida de mis manos", en madres de niños menores de cinco años, Puerto Pizarro, Tumbes, 2007 / _cElba Eunice Souza Galo. |
|
| 264 | 0 | _c2007. | |
| 300 |
_a86 hojas _c31 cm |
||
| 336 |
_atext _2rdacontent |
||
| 337 |
_aunmediated _2rdamedia |
||
| 338 |
_avolume _2rdacarrier |
||
| 502 |
_aTesis _b(Mg.) -- _cUniversidad Peruana Unión, _d2007. |
||
| 504 | _aIncluye referencias | ||
| 520 | 3 | _aLa enfermedad diarreica aguda constituye un problema grave de salud pública a nivel mundial y en el Departamento de Tumbes, ya que constituye una causa de morbimortalidad infantil. Factores de riesgo ambiental, como agua insegura, saneamiento deficiente, hacinamiento y malnutrición favorecen la frecuencia, diseminación y gravedad de las diarreas, problemática presente en la población en estudio. La presente investigación tuvo por objetivo evaluar la efectividad del programa "Un día en la vida de mis manos" en Puerto Pizarro- Tumbes, 2007. La intervención consistió en un Programa Educativo para mejorar el conocimiento de los momentos críticos, la práctica del lavado de manos y el conocimiento del agua segura en las treinta madres participantes, como medio para disminuir casos nuevos de enfermedades diarreicas en niños menores de cinco años. Se aplicó un estudio pre-experimental, longitudinal con un diseño de pre y posprueba, utilizándose como prueba estadística t de Student, identificando el grado de relación existente entre los conocimientos y las prácticas que adoptan las madres frente a la salud de sus hijos. El programa demostró que se logró incrementar el conocimiento de los momentos críticos del 73 por ciento al 83 por ciento; la práctica del lavado de manos mejoró del 10 por ciento que se frotaba rigurosamente al 83 por ciento; del 40 por ciento que se lavaba con abundante espuma al 93 por ciento; y los conocimientos sobre el agua segura mejoraron del 3 por ciento al 77 por ciento. | |
| 526 | _aSEG44 | ||
| 526 | _aSEG26 | ||
| 526 | _aP151 | ||
| 526 | _aP150 | ||
| 526 | _aP149 | ||
| 526 | _aP146 | ||
| 526 | _aP145 | ||
| 526 | _aP126 | ||
| 526 | _aP125 | ||
| 526 | _aP92 | ||
| 526 | _aP75 | ||
| 526 | _aP74 | ||
| 526 | _aP27 | ||
| 526 | _aP15 | ||
| 596 | _a1 | ||
| 942 |
_2ddc _cTESIS |
||
| 999 |
_aSP 3 S72 2007 _wALPHANUM _c8086 _iT01015 _lCCODEBUL3 _mBUL _r1 _sY _tTESIS _u2015-12-3 _xPOSGRADO _PP82 _o.STAFF. Tesis _d8086 |
||
| 980 |
_81 _gALBERTO SANCHEZ Responsable de Automatización |
||